000 00820nam a2200241 i 4500
001 13078
003 ES-MaACL
005 20250630001356.0
007 t|
008 921021s1985 sp ||||0| spa d
020 _a84-505-1108-9
080 _a860 Pacheco, Manuel 1.06
100 1 _aManzano González, Raquel.
_976225
245 1 3 _aLa poesía de Manuel Pacheco /
_cRaquel Manzano González.
260 _aBadajoz :
_bDiputación Provincial,
_c1985.
300 _a153 p. ;
_c24 cm.
490 1 _aColección "Rodríguez Moñino" ;
_v2
600 1 4 _aPacheco, Manuel-
_vCrítica e interpretación.
_988128
710 1 _aBadajoz (Provincia).
_bDiputación Provincial
_92081
830 0 _aColección "Rodríguez Moñino" ;
_v2
_9179374
852 _aES-MaACL
_jL-20426
_bR.113607
999 _c13078
_d13078